Central Library OPAC University of Rajshahi

Algebraic K-theory and its geometric applications / (Record no. 3280)

MARC details
000 -LEADER
fixed length control field 01290cam a2200325 4500
001 - CONTROL NUMBER
control field 3280
003 - CONTROL NUMBER IDENTIFIER
rucl marc code BD-RjUL
005 - DATE AND TIME OF LATEST TRANSACTION
control field 20211208233714.0
008 - FIXED-LENGTH DATA ELEMENTS--GENERAL INFORMATION
fixed length control field 700210s1969 gw b 100 0 eng
035 ## - SYSTEM CONTROL NUMBER
System control number (BD-RjUL)3314
040 ## - CATALOGING SOURCE
Original cataloging agency DLC
Transcribing agency DLC
Modifying agency DLC
Language of cataloging eng
041 ## - LANGUAGE CODE
Language code of text/sound track or separate title eng
082 00 - DEWEY DECIMAL CLASSIFICATION NUMBER
Classification number 512.66
Edition number 23
Author mark and year ALG 1969
245 00 - TITLE STATEMENT
Title Algebraic K-theory and its geometric applications /
Statement of responsibility, etc. Edited by R. M. F. Moss and C. B. Thomas.
260 ## - PUBLICATION, DISTRIBUTION, ETC. (IMPRINT)
Place of publication, distribution, etc. Berlin ;
-- New York :
Name of publisher, distributor, etc. Springer-Verlag,
Date of publication, distribution, etc. 1969.
300 ## - PHYSICAL DESCRIPTION
Pagination iv, 86 p. :
Illustrations Ill. ;
Size 26 cm.
350 ## - PRICE (NR) (BK AM CF MU VM SE) [OBSOLETE]
Price 6.00
490 1# - SERIES STATEMENT
Series statement Lecture notes in mathematics (Springer-Verlag) : a collection of Informal reports and seminars / Edited by A. Dold and B. Eckmann ;
Volume/sequential designation 108
650 #0 - SUBJECT ADDED ENTRY--TOPICAL TERM
Topical term or geographic name as entry element K-theory.
9 (RLIN) 138662
Topical term or geographic name as entry element Categories (Mathematics)
9 (RLIN) 152026
Topical term or geographic name as entry element Functor theory.
9 (RLIN) 152027
700 1# - ADDED ENTRY--PERSONAL NAME
Personal name Moss, R. M. F.
Fuller form of name (Robert Michael Forrester)
Personal name Thomas, C. B.
Fuller form of name (Charles Benedict),
Relator term ed.
Personal name Dold, A. , ed.
Personal name Eckmann, B. , Jt. ed.
710 2# - ADDED ENTRY--CORPORATE NAME
Corporate name or jurisdiction name as entry element University of Hull.
9 (RLIN) 159302
830 #0 - SERIES ADDED ENTRY--UNIFORM TITLE
Uniform title Lecture notes in mathematics (Springer-Verlag) : a collection of Informal reports and seminars / Edited by A. Dold and B. Eckmann ;
Volume number/sequential designation 108.
942 ## - ADDED ENTRY ELEMENTS (KOHA)
Source of classification or shelving scheme Dewey Decimal Classification
Koha item type Books
Holdings
Lost status Source of classification or shelving scheme Damaged status Not for loan Collection code Permanent Location Current Location Shelving location Date acquired Source of acquisition Cost, normal purchase price Total Checkouts Full call number Date last seen Copy number Koha item type
  Dewey Decimal Classification   Not For Loan Non-fiction Central Library, University of Rajshahi Central Library, University of Rajshahi Reading Room 02/01/1982 Heffers 4.60   512.66 ALG 1969 05/10/2016 C-1 Books
  Dewey Decimal Classification     Non-fiction Central Library, University of Rajshahi Central Library, University of Rajshahi   02/08/1982 Heffers 4.60   512.66 ALG 1969 05/10/2016 C-2 Books